000 01086nam a22002777a 4500
016 _a294.3822 KAN
041 _h1
082 _a294.3822
_bKAN
100 _aBuddhaghose , Bhadantacariya
245 _aMATIKATTHAKATHA : Vol. XXX
260 _bColombo,
_aSirinatha Kumaradasa Moonesinghe Esq,
_c1930
300 _aviii, 224 p.
_c21 cm
365 _b275.00
440 _vVol. XXX
650 _a Vinaya Pitaka
650 _aවිනය පිටකය
700 _a Jinaratana Thero, Karandana
_eEdi,
942 _cPR
_n0
999 _c19498
_d19498